US v. UK Baby Battle (2010) Quiz Stats

 Plays Quiz Updated Sep 4, 2014

Challenge
Share
Tweet
Embed
Score 0/100 Timer 10:00
0 Plays Today
US/UK Name % Correct
USElizabeth
72.4%
UKElizabeth
72.4%
USEmma
70.1%
UKEmma
70.1%
USEmily
69.3%
UKEmily
69.3%
USSarah
67.7%
USAnna
64.7%
UKJessica
57.5%
USOlivia
56.7%
UKOlivia
56.7%
USHannah
56%
UKHannah
56%
USSophia
51%
UKSophia
51%
UKSophie
50.1%
USIsabella
48.4%
UKIsabella
48.4%
UKKatie
46.6%
USCharlotte
45.7%
UKCharlotte
45.7%
UKAmy
45.3%
USMadison
44.5%
USVictoria
44.5%
USGrace
44.2%
UKGrace
44.2%
USChloe
43.4%
UKChloe
43.4%
USLily
42.8%
UKLily
42.8%
USAva
40.8%
UKAva
40.8%
USElla
40.4%
UKElla
40.4%
US/UK Name % Correct
USSamantha
40.3%
UKLucy
38.2%
USAbigail
38.2%
UKAbigail
38.2%
UKIsabelle
37.5%
USZoe
36.9%
USAshley
36.7%
USAlexa
36.3%
UKMegan
36.1%
UKEva
36%
USAmelia
34.4%
UKAmelia
34.4%
UKMolly
33.6%
UKAlice
32.7%
USBella
32%
USMia
31.1%
UKMia
31.1%
USNatalie
30.8%
UKEllie
30.1%
USTaylor
28.5%
USAlexis
27.6%
USLeah
26.9%
UKLeah
26.9%
UKHolly
26.5%
UKRuby
25.8%
USAllison
25.6%
UKDaisy
25.2%
UKJasmine
24%
UKErin
23.8%
USEvelyn
22.8%
USSofia
22.7%
USAddison
21.4%
USKayla
21.3%
UKLilly
20.8%
US/UK Name % Correct
USBrianna
20.2%
UKPoppy
20%
USAlyssa
19.9%
USGabriella
19.9%
USLillian
19.6%
UKBrooke
19%
USHailey
18.8%
USZoey
17.5%
UKPhoebe
17.2%
USSavannah
16.3%
UKEvie
16.3%
USRiley
16.2%
USBrooklyn
15.8%
USAvery
15.5%
UKMillie
14.7%
UKIsla
14.6%
USAubrey
13.9%
UKLola
13.8%
UKScarlett
13.5%
USLayla
13.4%
UKLayla
13.4%
USKaylee
13.1%
UKSummer
12.5%
UKImogen
12.2%
UKFreya
12%
UKMaisie
11.7%
USNevaeh
10.9%
UKLexi
10.4%
USKhloe
10.1%
USMakayla
9.7%
UKSienna
9.4%
UKLacey
6.8%

You're not logged in!

Compare scores with friends on all Sporcle quizzes.
Join for Free
OR
Log In

You Might Also Like...

Show Comments

Extras

Top Quizzes Today


Score Distribution

Your Account Isn't Verified!

In order to create a playlist on Sporcle, you need to verify the email address you used during registration. Go to your Sporcle Settings to finish the process.

Report this User

Report this user for behavior that violates our Community Guidelines.

Details: